MARC details
| 000 -CABECERA |
| campo de control de longitud fija |
01542nam a2200301ui 4500 |
| 001 - NÚMERO DE CONTROL |
| campo de control |
991027218392607026 |
| 003 - IDENTIFICADOR DEL NÚMERO DE CONTROL |
| campo de control |
UkOxU |
| 008 - DATOS DE LONGITUD FIJA--INFORMACIÓN GENERAL |
| campo de control de longitud fija |
250220s2025 enk|||| | |||| ||eng d |
| 020 ## - NÚMERO INTERNACIONAL ESTÁNDAR DEL LIBRO |
| Número Internacional Estándar del Libro |
9780241651292 |
| 035 ## - NÚMERO DE CONTROL DEL SISTEMA |
| Número de control de sistema |
(StEdALDL)1/4615796 |
| 040 ## - FUENTE DE LA CATALOGACIÓN |
| Centro catalogador/agencia de origen |
StEdALDL |
| Lengua de catalogación |
eng |
| Normas de descripción |
rda |
| Centro/agencia transcriptor |
StEdALDL |
| Centro/agencia modificador |
UkOxU |
| 041 ## - CÓDIGO DE LENGUA |
| Código de lengua del texto/banda sonora o título independiente |
eng |
| 050 ## - SIGNATURA TOPOGRÁFICA DE LA BIBLIOTECA DEL CONGRESO |
| Número de clasificación |
HD53 |
| Número de documento/Ítem |
.D355 2025 |
| 100 ## - ENTRADA PRINCIPAL--NOMBRE DE PERSONA |
| Nombre de persona |
Dailey, Carolyn |
| Fechas asociadas al nombre |
1959- |
| 9 (RLIN) |
26108 |
| Término indicativo de función/relación |
author |
| 245 04 - MENCIÓN DE TÍTULO |
| Título |
The creative entrepreneur |
| Mención de responsabilidad, etc. |
/ Carolyn Dailey. |
| 260 ## - PUBLICACIÓN, DISTRIBUCIÓN, ETC. |
| Lugar de publicación, distribución, etc. |
London : |
| Nombre del editor, distribuidor, etc. |
Dorling Kindersley Limited, |
| Fecha de publicación, distribución, etc. |
2025. |
| 300 ## - DESCRIPCIÓN FÍSICA |
| Extensión |
223 pages : |
| Otras características físicas |
illustrations (some color) ; |
| Dimensiones |
23 cm. |
| 520 ## - SUMARIO, ETC. |
| Sumario, etc. |
Discover the secrets to building a thriving creative business and unleashing your full creative potential with The Creative Entrepreneur. Learn from ten of the world’s most inspiring entrepreneurs, including Grammy winner Nile Rodgers and Emmy-winning producer Andy Harries (The Crown), as they share their stories, actionable advice, and recommendations to help you succeed in business and fuel your life potential.<br/><br/>Unlock your creativity and transform your career with a new, mission-driven perspective from these industry icons in design, fashion, art, film, music, and more. |
| 650 #0 - PUNTO DE ACCESO ADICIONAL DE MATERIA--TÉRMINO DE MATERIA |
| Término de materia o nombre geográfico como elemento de entrada |
New business enterprises |
| 9 (RLIN) |
2621 |
| 650 #0 - PUNTO DE ACCESO ADICIONAL DE MATERIA--TÉRMINO DE MATERIA |
| Término de materia o nombre geográfico como elemento de entrada |
Entrepreneurship |
| 9 (RLIN) |
570 |
| 650 #0 - PUNTO DE ACCESO ADICIONAL DE MATERIA--TÉRMINO DE MATERIA |
| Término de materia o nombre geográfico como elemento de entrada |
Success in business |
| 9 (RLIN) |
1506 |
| 650 #0 - PUNTO DE ACCESO ADICIONAL DE MATERIA--TÉRMINO DE MATERIA |
| Término de materia o nombre geográfico como elemento de entrada |
Creative ability in business |
| 9 (RLIN) |
4129 |
| 650 #0 - PUNTO DE ACCESO ADICIONAL DE MATERIA--TÉRMINO DE MATERIA |
| Término de materia o nombre geográfico como elemento de entrada |
Art and business |
| 9 (RLIN) |
26109 |
| 650 #0 - PUNTO DE ACCESO ADICIONAL DE MATERIA--TÉRMINO DE MATERIA |
| Término de materia o nombre geográfico como elemento de entrada |
Small business |
| Subdivisión general |
Management |
| 9 (RLIN) |
4678 |
| 650 #0 - PUNTO DE ACCESO ADICIONAL DE MATERIA--TÉRMINO DE MATERIA |
| Término de materia o nombre geográfico como elemento de entrada |
Entrepreneurship |
| Subdivisión de forma |
Anecdotes |
| 9 (RLIN) |
26111 |
| 655 #0 - TÉRMINO DE INDIZACIÓN--GÉNERO/FORMA |
| Datos o término principal de género/forma |
Anecdotes |
| 9 (RLIN) |
26110 |
| 942 ## - ELEMENTOS DE ENTRADA AGREGADA (KOHA) |
| Fuente del sistema de clasificación o colocación |
Clasificación de Library of Congress |